| 000 | 00352nam a2200145Ia 4500 | ||
|---|---|---|---|
| 008 | 231129s1986||||xx |||||||||||||| ||spa|| | ||
| 020 | _a9/5/84 | ||
| 040 | _bspa | ||
| 082 | _aR 759.9861 M488 | ||
| 100 | _aMedellin. Museo de Arte Moderno. | ||
| 245 | 0 | _aDebora Arango | |
| 260 | _c1986 | ||
| 264 | _aBenjamin Villegas y Asociados | ||
| 942 |
_2ddc _cBKS |
||
| 999 |
_c8851 _d8851 |
||